Obálka Náhled e-knihy:
PDF
Pro půjčování e-knih musíte být přihlášeni.
Jak si půjčit online?

Filipko /

Filipko, Zorničkin brat, objavuje úžasný svet zvieratiek v lese a pri vode na rybačke s ockom. Je to pôvodná slovenská knižka a každé zvieratko je z nášho dôverne známeho okolia – diviak, kaňa, vretenica, nočný motýľ, pstruh... S každým sa spája zaujímavý príbeh, ktorý sa čiastočne odohráva vo Filip...

Celý popis

Uloženo v:
Hlavní autor: Štelbaská, Zuzana (Autor)
Médium: E-kniha
Jazyk:Czech
Vydáno: Praha : Albatros Media Slovakia s.r.o., 2025
Tagy:
Žádné tagy
LEADER 01286nam a22002297i 4500
001 303234
007 ta
008 260518s2025 xr ||||| |||| 00| 0 cze d
020 |a 9788056646076 
044 |a xr 
100 1 |a  Štelbaská, Zuzana  |4 aut 
245 1 0 |a Filipko /  |c  Štelbaská, Zuzana 
264 1 |a Praha :  |b Albatros Media Slovakia s.r.o.,  |c 2025 
300 |a 1 online zdroj (80 stran) 
336 |a text  |b txt  |2 rdacontent 
337 |a bez média  |b n  |2 rdamedia 
338 |a online zdroj  |b cr  |2 rdacarrier 
520 2 |a Filipko, Zorničkin brat, objavuje úžasný svet zvieratiek v lese a pri vode na rybačke s ockom. Je to pôvodná slovenská knižka a každé zvieratko je z nášho dôverne známeho okolia – diviak, kaňa, vretenica, nočný motýľ, pstruh... S každým sa spája zaujímavý príbeh, ktorý sa čiastočne odohráva vo Filipkovej fantázii, čiastočne je realitou. 
910 |a RBIT002 
998 |d 426925  |a https://core.palmknihy.cz/api/books/426925/cover?tesghp  |b https://core.palmknihy.cz/api/books/426925/cover/400?tesghp  |c https://core.palmknihy.cz/api/books/426925/cover/50?tesghp  |e 2037-12-31  |g 80  |i 9788056646076  |k https://core.palmknihy.cz/api/books/426925/preview.pdf  |l   |q 49  |r 1  |s https://www.palmknihy.cz/kniha/426925  |t ebook  |y 2025  |z 1 
999 |d 303232